[Event "Sabaneta op-B 2nd"]
[Site "Sabaneta Antioquia"]
[Date "2023.07.02"]
[Round "7"]
[White "Perez Grisales, Noe"]
[Black "Zapata Sanchez, Juan Jose"]
[Result "0-1"]
[WhiteElo "1654"]
[BlackElo "1346"]
[PlyCount "58"]
[EventDate "2023.06.28"]
[EventType "swiss"]
[EventRounds "9"]
[EventCountry "COL"]
[SourceTitle "EXT 2024"]
[Source "ChessBase"]
[SourceDate "2023.10.10"]
[SourceVersion "1"]
[SourceVersionDate "2023.10.10"]
[SourceQuality "1"]

1. e4 c6 2. d4 d5 3. Bd3 dxe4 4. Bxe4 Nf6 5. Bf3 g6 6. Ne2 Bg7 7. Ng3 0-0 8. 0-0 Nbd7 9. c4 e5 10. Be3 h5 11. Nc3 Re8 12. Re1 h4 13. Nge4 Nxe4 14. Nxe4 exd4 15. Bg5 Qa5 16. Bxh4 Ne5 17. Nf6+ Bxf6 18. Bxf6 Nxf3+ 19. gxf3 Bh3 20. f4 Qf5 21. Qf3 d3 22. Bc3 Rad8 23. Bd2 Re2 24. Rxe2 dxe2 25. Qxe2 Rxd2 26. Qe8+ Kg7 27. f3 Qxf4 28. Re1 Qg5+ 29. Kh1 Qg2# 0-1